History Quiz

Random History or Biography Quiz
Score 0/15 Timer 08:00
2 Plays Today
% Correct
But if you injure him you will always remember.
96.9%
Governments tend to be slow moving by nature, because they have to build political support for every step.
91.6%
That stands for the right to burn itself.
91.4%
By being born to people who had the means to get out.
91.4%
Really pays off sometimes.
89.9%
Following some bewildering experiences as an infantryman and later as a prisoner of war in Dresden, Germany.
89.8%
To allow oneself to be devoured.
89.5%
If they are to grow up without trauma.
88.7%
% Correct
To quell the revolt of specialized labor.
88.7%
They claim it as their own and none can keep it from them.
88.1%
To teach all our people to hate U.S. imperialism.
87%
They will do to society.
81.8%
The falling off of the public's enthusiasm.
76.9%
Is an asinine position to be in.
69.2%
Who can put you away if your husband doesn't like you.
64.1%

You're not logged in!

Compare scores with friends on all Sporcle quizzes.
OR
Log In

Sporcle TV

Today on Sporcle TV


Watch our educational content, quiz creation guides, and fun videos on Sporcle TV.

Show Comments

Extras

Top Quizzes Today


Score Distribution

Paid Content

Your Account Isn't Verified!

In order to create a playlist on Sporcle, you need to verify the email address you used during registration. Go to your Sporcle Settings to finish the process.

Report this User

Report this user for behavior that violates our Community Guidelines.

Details: